000 00574nam a2200229Ia 4500
003 OSt
005 20220912144330.0
006 a|||||r|||| 00| 0
007 ta
008 220909b |||||||| |||| 00| 0 eng d
020 _aSL01292758
024 _a195997
037 _cTextual
040 _aCSL
_beng
_cCSL
041 _aeng
082 _aI9B,5:7, J0;22
100 _aMaheshwari P
245 0 _aIntroduction to the embryology of angiosperms
700 _aMaheshwari P
942 _hI9B,5:7, J0;22
_cTEXL
_2CC
999 _c5177
_d5177